| 000 | 01319cam a22003135a 4500 | ||
|---|---|---|---|
| 003 | OSt | ||
| 005 | 20150823130851.0 | ||
| 008 | 100711s2006 ua ||||grb||| 00| 0 ara d | ||
| 020 | _a9770915564 | ||
| 040 |
_aEG-Sb BUE _bara _cEG-Sb BUE |
||
| 082 | 0 | 4 |
_a328.0962 _bز ي ن _222 |
| 100 | 1 |
_aزين الدين ، إسماعيل محمد _916162 |
|
| 245 | 1 | 0 |
_aالمعارضة في البرلمان المصري / _cإسماعيل محمد زين الدين |
| 250 | _aط1 | ||
| 260 |
_aالقاهرة : _bدار الشروق ، _c2006. |
||
| 300 |
_a123 ص. : _c24 سم. |
||
| 490 | _aالتاريخ : الجانب الآخر : إعادة قراءة للتاريخ المصري | ||
| 504 | _aيشتمل على إرجاعات ببليوجرافية | ||
| 541 |
_aألف باء ؛ _cشراء ؛ |
||
| 590 | _aDoha doaa mohamed | ||
| 650 |
_916165 _aالاصلاح الدستوري _2BUEsh |
||
| 650 |
_916164 _aمصر _2BUEsh |
||
| 650 |
_916166 _aمصر _xالهيئات التشريعية _2BUEsh |
||
| 650 |
_916167 _aمصر _xتاريخ _yالعصر الحديث|الاستقلال والحكم الملكي 1923-1936 _2BUEsh |
||
| 650 |
_916168 _aمصر _xتاريخ _yالعصر الحيث|ثورة 1952 _2BUEsh |
||
| 651 | _2BUEsh | ||
| 653 |
_cAugust2015 _bARALIT |
||
| 942 |
_2ddc _cBB _k328.0962 ز ي ن |
||
| 999 |
_c14457 _d14457 |
||